000 00982nam a22003137a 4500
003 CHAP
005 20220329143526.0
008 100407s1995 mx r 00010 eng d
010 _a98005
011 _a98977
020 _a0292770707
035 _a109662
040 _cCHAP
082 0 4 _a581.97644
_bR39
100 1 _aRichardson, Alfred
_997262
245 1 0 _aPlants of the Rio Grande Delta
_c/by Alfred Richardson
260 _aAustin :
_bUniversity of Texas,
_cc1995
300 _a332 p. :
_bilus.
490 0 _aTreasures of nature series
590 _aBATCH-UPD
_b10
_c20130110
_lUCH01
_h1936
590 _aBATCH-UPD
_b10
_c20130410
_lUCH01
_h1300
590 _aBATCH-UPD
_b10
_c20130914
_lUCH01
_h0738
590 _aCONVERSION
_b10
_c20130109
_lUCH01
_h1354
650 1 4 _aBotánica
_zRío Grande Delta.
_914646
830 0 _aTreasures of nature series
_9114730
901 _aBK
942 _cLIBRO
949 _a581.97644 R39
_bBC
_cLIBRO
_d33724002164314
_eLIBRO
_h112219
_i109662
_sb
999 _c98005
_d98005